000 00746cam a2200253 4500
001 3181651
003 PILC
005 20150522095702.0
008 710802s1971 pauab b 001 0 eng
010 _a 76081826
020 _a0721669417
040 _aDLC
_cDLC
_dDLC
050 0 0 _aQH 541
_b.Od27 1971
082 0 0 _a574.5
100 1 _aOdum, Eugene P.
_q(Eugene Pleasants),
_d1913-2002.
245 1 0 _aFundamentals of ecology /
_cEugene P. Odum.
250 _a3d ed.
260 _aPhiladelphia,
_bSaunders,
_c1971.
300 _axiv, 574 pages :
_billustrations ;
_c27 cm.
500 _aIncludes bibliographical references and index.
650 0 _aEcology.
906 _a7
_bcbc
_corignew
_d2
_eopcn
_f19
_gy-gencatlg
942 _2lcc
_cBK
_kFOR
999 _c284311
_d284311